ბათუმის შოთა რუსთაველის სახელმწიფო უნივერსიტეტის ბიბლიოთეკა

ჩანაწერი Corporate Name

ჩანაწერთა რაოდენობა, რომელიც გამოყენებულია: 1

001 - CONTROL NUMBER

  • control field: 27325

003 - CONTROL NUMBER IDENTIFIER

  • control field: GE_BSU

005 - DATE AND TIME OF LATEST TRANSACTION

  • control field: 20260415172047.0

008 - FIXED-LENGTH DATA ELEMENTS

  • fixed length control field: 260415|| aca||aabn | a|a d

040 ## - CATALOGING SOURCE

  • Original cataloging agency: GE_BSU
  • Transcribing agency: GE_BSU

110 ## - HEADING--CORPORATE NAME

  • Corporate name or jurisdiction name as entry element: საქ. მეცნიერებათა აკადემია,
  • Subordinate unit: არნ. ჩიქობავას სახ. ენათმეცნიერების ინსტიტუტი. ივ. ჯავახიშვილის სახ. თბილისის სახელმწ. უნივერსიტეტი.

670 ## - SOURCE DATA FOUND

  • Source citation: Work cat.: (GE_BSU): ნადირაშვილი, გ. 27323, ვაჭრობის ეკონომიკისა და საქონელმცოდნეობის ტერმინოლოგია = Терминология экономики торговли и товароведения :